000 02131nam a22003617a 4500
001 102367
003 KnowledgeUnlatched
005 20210303105135.0
006 m o d
007 cr u||||||||||
008 210129p20132019gw o u00| u eng d
037 _5BiblioBoard
245 0 0 _aAdolescent Psychiatry
_bA Contemporary Perspective for Health Professionals /
_cJoav Merrick, Leo Sher.
020 _a9783110316612
029 1 _ahttps://library.biblioboard.com/ext/api/media/07b3a902-e219-47bf-8011-ae84f7210c97/assets/thumbnail.jpg
040 _aScCtBLL
_cScCtBLL
506 0 _aAccess copy available to the general public.
_fUnrestricted
_2star
700 1 _aMerrick, Joav
_eeditor.
700 1 _aSher, Leo
_eeditor.
264 1 _bDe Gruyter,
300 _a1 online resource (260 p.)
520 _aPsychiatric disorders in adolescents are an important social problem relevant to almost all healthcare professionals. The prevalence of mood, anxiety, substance use and other psychiatric disorders among adolescents is high. However, medical professionals are not sufficiently trained about adolescent psychiatric disorders. Primary care providers correctly identify less than a fourth of youth with a depressive or anxiety disorder and many clinicians underestimate the importance of the problem of adolescent psychiatric illnesses and suicidal behavior. Multiple clinical, neurobiological, cultural and legal aspects of psychiatric disorders in adolescents are discussed in this book.
588 0 _aDescription based on print version record.
590 _aKU Select 2018: STEM Backlist Books
650 7 _aMedical / Public Health
_2bisacsh
650 0 _aMedicine
655 0 _aElectronic books.
758 _iIs found in:
_aKnowledge Unlatched
_1https://openresearchlibrary.org/module/2774bc74-146a-484f-a7ba-ab1d6a09bbfb
856 4 0 _uhttps://openresearchlibrary.org/content/07b3a902-e219-47bf-8011-ae84f7210c97
_zView this content on Open Research Library.
_70
999 _c33752
_d33752